header

European business and marketing (Record no. 157873)

MARC details
000 -LEADER
fixed length control field 01481nam a2200361Ia 4500
082 04 - DEWEY DECIMAL CLASSIFICATION NUMBER
Classification number 381/.094
245 00 - TITLE STATEMENT
Title European business and marketing
250 ## - EDITION STATEMENT
Edition statement 2nd ed.
260 ## - PUBLICATION, DISTRIBUTION, ETC. (IMPRINT)
Place of publication London ;
-- Thousand Oaks, Calif. :
Name of publisher Sage Publications,
Year of publication 2004.
300 ## - PHYSICAL DESCRIPTION
Number of Pages xxix, 302 p. :
Other physical details ill.
500 ## - GENERAL NOTE
General note Rev. ed. of: European business and marketing / Phil Harris and Frank McDonald. c1994.
650 #0 - SUBJECT ADDED ENTRY--TOPICAL TERM
Topical Term Marketing
700 1# - ADDED ENTRY--PERSONAL NAME
Personal name Harris, Phil,
Personal name McDonald, Frank,
Personal name Harris, Phil,
856 40 - ELECTRONIC LOCATION AND ACCESS
Uniform Resource Identifier http://site.ebrary.com/lib/rucke/Doc?id=10080956

No items available.

© 2026 Rongo University
Contact us: librarian | system librarian | Rongo university